Instruments de musique - Statistiques

Statistiques générales
  • Ce quiz a été pris 263 fois
  • Le résultat moyen est 14 sur 16
Statistiques - réponses
Par images Réponse % Correct
Piano
99%
Batterie
98%
Trompette
98%
Guitare
97%
Saxophone
97%
Triangle
97%
Violon
96%
Accordéon
93%
Harpe
91%
Maracas
91%
Clarinette
84%
Trombonne
84%
Flûte traversière
83%
Cor
76%
Tuba
69%
Timbale
42%
Aucun quiz correspondant
Distribution des résultats
% des personnes avec chaque résultat
Percentile par nombre de réponses
Votre historique - résultats
Vous n’avez pas pris ce quiz